书目信息 |
| 题名: |
蒙古"自治运动"始末
|
|
| 作者: | 卢明辉 著 | |
| 分册: | ||
| 出版信息: | 中华书局 1980.11 |
|
| 页数: | 442页 | |
| 开本: | 20cm | |
| 丛书名: | 中华民国史资料丛稿 | |
| 单 册: | ||
| 中图分类: | K258.9 | |
| 科图分类: | ||
| 主题词: | 中国--历史--1840~1949 | |
| 电子资源: | ||
| ISBN: | ||
| 000 | 00628nam0 2200217 45 | |
| 001 | 0312221749 | |
| 005 | 20060112162507.21 | |
| 010 | @dCNY1.35 | |
| 091 | @a11018.822 | |
| 100 | @a20031222d1980 km y0chiy0120 ea | |
| 101 | @achi | |
| 200 | 1 | @a蒙古"自治运动"始末@AMeng Gu"Zi Zhi Yun Dong"Shi Mo@f卢明辉著@FLu Ming Hui Zhu |
| 210 | @c中华书局@d1980.11 | |
| 215 | @a442页@d20cm | |
| 225 | @a中华民国史资料丛稿 | |
| 410 | @12001 @a中华民国史资料丛稿 | |
| 606 | 0 | @a中国@x历史@z1840~1949 |
| 690 | @aK258.9@v3 | |
| 701 | 0 | @a卢明辉@4著 |
| 801 | @aCN@bTSTCL@c20060112 | |
| 905 | @dK258.9@e33@f3@b215417-419@b157384-385@f2 | |
| 蒙古"自治运动"始末/卢明辉著.-中华书局,1980.11 |
| 442页;20cm.-(中华民国史资料丛稿) |
| ISBN :CNY1.35 |
| ● |
| 相关链接 |
|
|
|
|
正题名:蒙古"自治运动"始末
索取号:K258.9/33
 
预约/预借
| 序号 | 登录号 | 条形码 | 馆藏地/架位号 | 状态 | 备注 |
| 1 | 0157384 | 001294405 | 第二借阅区/ [索取号:K258.9/33] | 在馆 | |
| 2 | 0157385 | 001294334 | 密集书库/ [索取号:K258.9/33] | 在馆 | |
| 3 | 0157386 | 202172905 | 密集书库/ [索取号:K258.9/33] | 在馆 | |
| 4 | 0215417 | 001294389 | 密集书库/ [索取号:K258.9/33] | 在馆 | |
| 5 | 0215418 | 001294370 | 密集书库/ [索取号:K258.9/33] | 在馆 | |
| 6 | 0215419 | 001294398 | 第二样本阅览室/ [索取号:K258.9/33] | 在馆 |